Cartas del verano de 1926

Guardat en:
Dades bibliogràfiques
Autors principals: Pasternak, Borís (autor), Rilke, Rainer Maria (Autor), Tsvietáieva, Marina (Autor)
Format: Llibre
Idioma:espanyol
Publicat: Barcelona Grijalbo Mondadori 1993
Col·lecció:El Espejo de Tinta
Matèries:
Etiquetes: Afegir etiqueta
Sense etiquetes, Sigues el primer a etiquetar aquest registre!

MARC

LEADER 00000nam a2200000 a 4500
001 UCS3007
003 CL-VaPUC
005 20250318121537.0
008 970611e19930000SP |||||||||||||||||spa|d
999 |c 260879  |d 260877 
040 |c Pontificia Universidad Católica de Valparaíso 
082 0 4 |a 808.6  |b PAS  |2 21 
100 |a Pasternak, Borís  |e autor  |9 266793 
245 1 0 |a Cartas del verano de 1926 
260 |a Barcelona  |b Grijalbo Mondadori  |c 1993 
300 |a 347 p 
490 0 |a El Espejo de Tinta 
583 |a last modification  |c 19970611 00:00:00  |k Rodrigo Vera 
600 0 7 |a Pasternak, Borís  |d 1890-1960  |9 880861 
600 0 |a Rilke, Rainer Maria  |9 265571 
600 0 7 |a TSVIETAIEVA, MARINA  |2 CL-VaPUC  |9 388970 
650 7 |a CORRESPONDENCIAS  |2 CL-VaPUC  |9 256500 
650 7 |a CORRESPONDENCIAS ENTRE ESCRITORES  |2 CL-VaPUC  |9 388971 
700 |a Rilke, Rainer Maria  |e author  |9 265571 
700 0 |a Tsvietáieva, Marina  |e author  |9 388969 
942 |c BK  |2 ddc 
945 |d 19970611 00:00:00  |a amoreno 
952 |0 0  |1 0  |4 0  |6 808_600000000000000_PAS_1993  |7 0  |8 A  |9 287497  |a BIBART  |b BIBART  |d 2019-11-19  |i 3320987  |o 808.6 PAS 1993  |p 3320987  |r 2025-03-13  |w 2019-11-19  |y BK  |k ART